| 000 | 00876nam a2200217 i 4500 | ||
|---|---|---|---|
| 001 | 73683 | ||
| 003 | ES-MaACL | ||
| 005 | 20250829123618.0 | ||
| 007 | t| | ||
| 008 | 040909s1975 sp ||||1| spa d | ||
| 100 | 0 |
_aGómez-Tabanera, José Manuel, _d1926-2011 _958165 |
|
| 245 | 1 | 3 |
_aLa caverna de la Peña de Candamo, en la cuenca del Nalón (Asturias) / _cJosé Manuel Gómez-Tabanera. |
| 260 |
_aOviedo : _bUniversidad de Oviedo, _c1975. |
||
| 300 |
_a42 p. : _bil. ; _c17 cm. |
||
| 490 | 1 |
_aPublicaciones didácticas del Departamento de Prehistoria y Arqueologia ; _v1 |
|
| 650 | 4 |
_aArte prehistórico- _zAsturias (Comunidad Autónoma) _910271 |
|
| 651 | 4 |
_aCueva de la Peña (Asturias) _9159309 |
|
| 830 | 0 | 0 |
_aPublicaciones didácticas del Departamento de Prehistoria y Arqueología _v1 _9183423 |
| 852 |
_aES-MaACL _j2097-F-6 _bR.93464 |
||
| 999 |
_c73683 _d73683 |
||